Módulo del agua (Registro nro. 7480)

Detalles MARC
000 -CABECERA
Campo de control 00844nam a22002297a 4500
005 - FECHA Y HORA DE LA ULTIMA TRANSACCION
Campo de control 20200104041618.0
008 - ELEMENTOS DE LONGITUD FIJA—INFORMACION GENERAL
Campo de control 130729b ve ||||| |||| 00| 0 spa d
041 ## - IDIOMA
Código de idioma para texto/pista de sonido o título separado Español
044 ## - PAÍS DE PUBLICACIÓN
País de publicación Venezuela
082 ## - NUMERO DE CLASIFICACION DECIMAL DEWEY
Número de clasificación 570
Número del ítem C787a
110 ## - ASIENTO PRINCIPAL--NOMBRE CORPORATIVO
Nombre corporativo o de jurisdicción como elemento de entrada Corporación para el Desarrollo Sostenible del Archipiélago de San Andrés, Providencia y Santa Catalina - CORALINA
245 ## - MENCION DE TITULO
Título Módulo del agua
246 ## - FORMA VARIANTE DEL TITULO
Título propiamente dicho/forma breve del título Módulo curricular del agua
260 ## - PUBLICACION, DISTRIBUCION, ETC. (PIE DE IMPRENTA)
Lugar de publicación, distribución, etc. Venezuela
Nombre del editor, distribuidor, etc. CORALINA
Fecha de publicación, distribución, etc. [?]
300 ## - DESCRIPCION FISICA
Extensión 77 p.
Otros detalles físicos il., mapas, talleres
Dimensiones 28 cm.
500 ## - NOTA GENERAL
Nota general Libro guía para docentes de instituciones educativas de la Reserva de Biosfera Seaflower.
500 ## - NOTA GENERAL
Nota general Grados 6° a 11°, asignaturas Ciencias Naturales, Ciencias Sociales
630 ## - ASIENTO SECUNDARIO DE MATERIA - TITULO UNIFORME
Uniform title Recursos naturales
630 ## - ASIENTO SECUNDARIO DE MATERIA - TITULO UNIFORME
Uniform title Agua
630 ## - ASIENTO SECUNDARIO DE MATERIA - TITULO UNIFORME
Uniform title Cuidado del agua
942 ## - ELEMENTOS ADICIONALES (KOHA)
Sistema de clasificación Dewey Decimal Classification
Tipo de ítem Impreso
Koha issues (borrowed), all copies 1
Existencias
Withdrawn status Lost status Sistema de Clasificación Damaged status No para préstamo Colección Inventariado Ubicación Permanente Ubicación actual Fecha de adquisición Fuente de Valor Valor Total Checkouts Número topográfico Inventario / Código de Barras Date last seen Date checked out Ejemplar Price effective from Forma de adquisición Tipo de material
    Local     Educación Ambiental Inventariado 2017 Sala Fabio Quevedo Sala Fabio Quevedo 27/07/2015 Instituto 39000.00 1 EA-00301 028601 27/11/2014 27/11/2014 Ej. 1 29/07/2013   Libro